000 00215 a2200097 4500
001 30659
100 _aBoard of Edu
245 _aHand book of Suggestion
260 _aLondon
_bHer majesty
_c
090 _c20596
_d20596
942 _aNUST-CAE
_cM
_c11776
999 _c265732
_d265732